<?xml version="1.0" encoding="UTF-8"?><?xml-stylesheet type="text/xsl" href="static/style.xsl"?><OAI-PMH xmlns="http://www.openarchives.org/OAI/2.0/" xmlns:xsi="http://www.w3.org/2001/XMLSchema-instance" xsi:schemaLocation="http://www.openarchives.org/OAI/2.0/ http://www.openarchives.org/OAI/2.0/OAI-PMH.xsd"><responseDate>2026-04-14T03:50:28Z</responseDate><request verb="GetRecord" identifier="oai:www.recercat.cat:2445/223730" metadataPrefix="marc">https://recercat.cat/oai/request</request><GetRecord><record><header><identifier>oai:recercat.cat:2445/223730</identifier><datestamp>2025-12-05T14:43:18Z</datestamp><setSpec>com_2072_1057</setSpec><setSpec>col_2072_478917</setSpec><setSpec>col_2072_478922</setSpec></header><metadata><record xmlns="http://www.loc.gov/MARC21/slim" xmlns:dcterms="http://purl.org/dc/terms/" xmlns:xsi="http://www.w3.org/2001/XMLSchema-instance" xmlns:doc="http://www.lyncode.com/xoai" xsi:schemaLocation="http://www.loc.gov/MARC21/slim http://www.loc.gov/standards/marcxml/schema/MARC21slim.xsd">
   <leader>00925njm 22002777a 4500</leader>
   <datafield ind2=" " ind1=" " tag="042">
      <subfield code="a">dc</subfield>
   </datafield>
   <datafield ind2=" " ind1=" " tag="720">
      <subfield code="a">Balsells, M. Àngels</subfield>
      <subfield code="e">author</subfield>
   </datafield>
   <datafield ind2=" " ind1=" " tag="720">
      <subfield code="a">Vaquero Tió, Eduard</subfield>
      <subfield code="e">author</subfield>
   </datafield>
   <datafield ind2=" " ind1=" " tag="720">
      <subfield code="a">Urrea Monclús, Aída</subfield>
      <subfield code="e">author</subfield>
   </datafield>
   <datafield ind2=" " ind1=" " tag="720">
      <subfield code="a">Borrego Tarragó, Alícia</subfield>
      <subfield code="e">author</subfield>
   </datafield>
   <datafield ind2=" " ind1=" " tag="720">
      <subfield code="a">Mateos Inchaurrondo, Ainoa</subfield>
      <subfield code="e">author</subfield>
   </datafield>
   <datafield ind2=" " ind1=" " tag="720">
      <subfield code="a">Fuentes-Peláez, Núria</subfield>
      <subfield code="e">author</subfield>
   </datafield>
   <datafield ind2=" " ind1=" " tag="260">
      <subfield code="c">2025-10-20T07:15:58Z</subfield>
   </datafield>
   <datafield ind2=" " ind1=" " tag="260">
      <subfield code="c">2025-08-29</subfield>
   </datafield>
   <datafield ind2=" " ind1=" " tag="260">
      <subfield code="c">info:eu-repo/date/embargoEnd/2150-01-01</subfield>
   </datafield>
   <datafield ind2=" " ind1=" " tag="520">
      <subfield code="a">La reunificación familiar en el sistema de protección infantil se refiere al proceso mediante el cual un niño, niña o adolescente (NNA) regresa a vivir con su familia de origen tras un período de separación y acogimiento debido a situaciones graves de abandono, negligencia o malos tratos. De hecho, este proceso debe ser el obje-&#xd;
tivo principal cuando se adopta una medida de protección, que implica la separación temporal del NNA del núcleo familiar de origen y su acogimiento en una familia de acogida o en un centro residencial.&#xd;
La condición fundamental para que este retorno al hogar sea posible es llevar a cabo un trabajo intensivo con la familia de origen orientado a mantener los vínculos afectivos del NNA y sus padres, solventar las situaciones conflictivas que puedan estar viviendo las figuras parentales, asegurar que la familia proporcione un entorno estable, afectivo y seguro a los NNA y mejorar las competencias parentales. El enfoque de la parentalidad positiva nos ofrece nuevas perspectivas para lograr estos objetivos. Tal y como dicen Rodrigo et al, la situación de desprotección no es una singularidad extraña de unos padres o madres, sino el resultado de un ejercicio inadecuado de la parentalidad. La mirada ecológica del ejercicio de la parentalidad nos ha hecho entender que las situaciones de maltrato, negligencia y abandono también son el resultado de frágiles equilibrios entre las competencias de padres y madres, las necesidades de los NNA, y los contextos psicosociales de desarrollo&#xd;
familiar. Esto supone un cambio fundamental en la forma de trabajar con la familia, conllevando un mayor apoyo a los grupos familiares y a comunidades locales para que puedan ejercer su responsabilidad colectiva de promover la seguridad y el bienestar de la infancia. En definitiva, orientar el trabajo con nuevas prácticas desde los enfoques ecológico, inclusivo y participativo. En este capítulo se van a revisar los principios generales para llevar a cabo estas nuevas prácticas, así como a presentar un modelo de acción socioeducativa que compagina la acción individualizada y familiar, con la acción grupal y comunitaria.</subfield>
   </datafield>
   <datafield tag="653" ind2=" " ind1=" ">
      <subfield code="a">Atenció a la infància i a l'adolescència</subfield>
   </datafield>
   <datafield tag="653" ind2=" " ind1=" ">
      <subfield code="a">Treball social familiar</subfield>
   </datafield>
   <datafield tag="653" ind2=" " ind1=" ">
      <subfield code="a">Child welfare</subfield>
   </datafield>
   <datafield tag="653" ind2=" " ind1=" ">
      <subfield code="a">Family social work</subfield>
   </datafield>
   <datafield ind2="0" ind1="0" tag="245">
      <subfield code="a">El apoyo a la reunificación familiar en el sistema de protección a la infancia y la adolescencia</subfield>
   </datafield>
</record></metadata></record></GetRecord></OAI-PMH>